00610nam a22001817a 4500003000200000005001700002008004100019020002200060050002700082100001600109245004600125250001300171260005500184300004100239500004800280504005200328650004800380020230814101824.0230814b xxu||||| |||| 00| 0 eng d a978-1-107-62270-8 aTR QD 33.2b.Ow97 2014 aOwen, Steve aChemistry for the IB DiplomacOwen, Steve a2nd ed.  aUnited KingdombCambridge University Presscc2014. avi, 593 p. : bcol. ill. ; c28 cm.  aChemistry -- Examinations -- Study guides.  aIncludes bibliographical references and index.  aChemistry -- Examinations -- Study guides.